Southville International School and Colleges
Your cart is empty.
  • Cart
  • Lists
    Public lists Eva Luna New books Lux_list list_1
    Your lists Log in to create your own lists
  • Log in to your account
  • Your cookies
  • Search history
Southville International School and Colleges
  • Advanced search
  • Recent comments
  • Most popular
  • Libraries

Log in to your account

Log in with GOOGLE


If you do not have an external account, but do have a local account, you can still log in:

  1. Home
  2. MARC view: 3D technology in fine art and craft :
Normal view MARC view ISBD view

3D technology in fine art and craft : (Record no. 305124)

[ view plain ]
MARC details
000 -LEADER
fixed length control field 01059cam a2200289 i 4500
001 - CONTROL NUMBER
control field 18382335
003 - CONTROL NUMBER IDENTIFIER
control field SISC
005 - DATE AND TIME OF LATEST TRANSACTION
control field 20160927143518.0
008 - FIXED-LENGTH DATA ELEMENTS--GENERAL INFORMATION
fixed length control field 141121s2016 nyua 001 0 eng
010 ## - LIBRARY OF CONGRESS CONTROL NUMBER
LC control number 2014045695
020 ## - INTERNATIONAL STANDARD BOOK NUMBER
International Standard Book Number 9781138844339 (pbk.)
040 ## - CATALOGING SOURCE
Original cataloging agency DLC
Language of cataloging eng
Transcribing agency DLC
Description conventions rda
Modifying agency DLC
042 ## - AUTHENTICATION CODE
Authentication code pcc
050 00 - LIBRARY OF CONGRESS CALL NUMBER
Classification number TS 171.95
Item number .M66 2016
082 00 - DEWEY DECIMAL CLASSIFICATION NUMBER
Classification number 621.9/88
100 1# - MAIN ENTRY--PERSONAL NAME
Personal name Mongeon, Bridgette,
Relator term author.
245 10 - TITLE STATEMENT
Title 3D technology in fine art and craft :
Remainder of title exploring 3D printing, scanning, sculpting and milling /
Statement of responsibility, etc Bridgette Mongeon.
246 3# - VARYING FORM OF TITLE
Title proper/short title Three-D technology in fine art and craft
260 ## - PUBLICATION, DISTRIBUTION, ETC. (IMPRINT)
Place of publication, distribution, etc New York :
Name of publisher, distributor, etc Focal Press,
Date of publication, distribution, etc 2015.
300 ## - PHYSICAL DESCRIPTION
Extent xix, 308 pages :
Other physical details color illustrations ;
Dimensions 24 cm.
500 ## - GENERAL NOTE
General note Includes appendix and index.
650 #0 - SUBJECT ADDED ENTRY--TOPICAL TERM
Topical term or geographic name as entry element Three-dimensional printing.
650 #0 - SUBJECT ADDED ENTRY--TOPICAL TERM
Topical term or geographic name as entry element Art
General subdivision Technique.
906 ## - LOCAL DATA ELEMENT F, LDF (RLIN)
a 7
b cbc
c orignew
d 1
e ecip
f 20
g y-gencatlg
942 ## - ADDED ENTRY ELEMENTS (KOHA)
Source of classification or shelving scheme Library of Congress Classification
Koha item type Books
Holdings
Withdrawn status Lost status Source of classification or shelving scheme Damaged status Home library Current library Shelving location Date acquired Source of acquisition Sub Shelving location Total Checkouts Full call number Barcode Date last seen Price effective from Koha item type
    Library of Congress Classification   College Library College Library Reserve Section 09/27/2016 Library Fund     TS 171.95 .M66 2016 C20712 05/15/2018 09/27/2016 Books

3D technology in fine art and craft :

APA

Mongeon B., . (2015). 3D technology in fine art and craft. New York: Focal Press.

Chicago

Mongeon Bridgette, . 2015. 3D technology in fine art and craft. New York: Focal Press.

Harvard

Mongeon B., . (2015). 3D technology in fine art and craft. New York: Focal Press.

MLA

Mongeon Bridgette, . 3D technology in fine art and craft. New York: Focal Press. 2015.

  • Place hold
  • Print
  • Cite
  • Add to your cart (remove)
  • Save record
    BIBTEX Dublin Core MARCXML MARC (non-Unicode/MARC-8) MARC (Unicode/UTF-8) MARC (Unicode/UTF-8, Standard) MODS (XML) RIS
  • More searches
    Search for this title in:
    Other Libraries (WorldCat) Other Databases (Google Scholar) Online Stores (Bookfinder.com) Open Library (openlibrary.org)

Exporting to Dublin Core...

SOUTHVILLE LIBRARY

Southville International School and Colleges Library

1281 Tropical Ave. Cor. Luxembourg St., BF Homes International, Las Pinas City

Tel. No. 8256374 / 252358 Loc. 117/146

Powered by Koha